000 00339nam a2200145Ia 4500
001 R-674
003 CODICE-MESSINA
005 20260212102455.0
008 260211s9999 xx 000 0 und d
040 _cimportazione_messina
100 _aGuareschi
245 0 _aIl Destino Si Chiama Clotilde
260 _bRizzoli
942 _2ddc
_cBK
999 _c27163
_d27163